000 00470nam a2200121Ia 4500
008 220620s9999||||xx |||||||||||||| ||und||
100 _aKysučan, Lubor::0000-0003-0351-195X::500
245 0 _aChapter Classical Tradition in Czech Renaissance and Baroque Literature
546 _aEnglish[eng]
650 _aHumanism||Renaissance||Baroque||Latin literature||Czech literature
856 _uhttps://library.oapen.org/bitstream/20.500.12657/56130/1/15420.pdf
942 _cEB
999 _c29406
_d29406